000 00524nam a2200181Ia 4500
005 20250326125633.0
008 250326s9999 xx 000 0 und d
037 _aTextbook
040 _aFMSL
_beng
_cFMSL
041 _aeng
_2eng
084 _aX:75.44'N79-N75t5 L3;1
_qFMSL
100 _aSamant D R
245 0 _aApproach to the fifth plan 1974 - 79
_cSamant D R
260 _aBombay
_bBombay, Popular
_c1973
300 _a57p
942 _cTB
_hX:75.44'N79-N75t5 L3;1
999 _c1278896
_d1278896